Sport - how many players? - Statistics

General Stats
  • This quiz has been taken 52 times
  • The average score is 5 of 15
Answer Stats
Hint Answer % Correct
Tennis (singles) 2
83%
3x3 basketball 6
81%
Soccer 22
67%
Beach volleyball 4
53%
Ice hockey 12
44%
Field polo 8
33%
Rugby union 30
31%
Baseball 10
22%
Korfball 16
22%
Lacrosse (men's) 20
22%
Rugby league 26
19%
Cricket 13
17%
Australian rules football 36
11%
Lacrosse (women's) 24
6%
Netball 14
3%
No matching quizzes found
Score Distribution
Percent of People with Each Score
Percentile by Number Answered
Your Score History
You have not taken this quiz